| 000 | 00801nam a2200205 i 4500 | ||
|---|---|---|---|
| 001 | 164499 | ||
| 003 | ES-MaACL | ||
| 005 | 20230906212940.0 | ||
| 008 | 931025s1898 sp |||| | spa d | ||
| 100 | 1 |
_aSamaniego, Félix María de. _9102153 |
|
| 245 | 1 | 0 |
_aObras críticas / _cde Felix María de Samaniego ; precedidas de unos estudios preliminares escritos por Julian Apraiz. |
| 260 |
_aBilbao : _b[s.n.], _c1898 ( _fImp. y enc. de Andrés P.-Cardenal) |
||
| 300 |
_aX, 196 p ; _c21 cm. |
||
| 490 | 1 |
_aBiblioteca Bascongada de Fermín Herrán ; _v23 |
|
| 594 | _aEn antep.: "Samaniego crítico" | ||
| 700 | 1 |
_aApraiz, Julián ( _d1848-1910) _922123 |
|
| 830 | 0 |
_aBiblioteca Bascongada de Fermín Herrán ; _v23 _9187938 |
|
| 852 |
_aES-MaACL _jD-2474 _z-- Enc. hol. |
||
| 999 |
_c164499 _d164499 |
||